Imperium mixtum: scritti scelti di diritto romano

Uloženo v:
Podrobná bibliografie
Hlavní autor: Spagnuolo Vigorita, Tullio (Autor)
Médium: Kniha
Jazyk:italština
Vydáno: Nápoles Jovene Editore 2013
Vydání:1a. ed
Témata:
Tagy: Přidat tag
Žádné tagy, Buďte první, kdo vytvoří štítek k tomuto záznamu!

MARC

LEADER 00000cam a2200000 a 4500
001 UCE4965
003 CL-VaPUC
008 141120e20130000it |||||||||||||||||ita|d
020 |a 9788824322249 
082 0 4 |a 340.54  |b SPA  |2 21 
100 0 |a Spagnuolo Vigorita, Tullio  |e author  |9 577444 
245 1 0 |a Imperium mixtum: scritti scelti di diritto romano 
250 |a 1a. ed 
300 |a 593 p 
942 |c BK 
945 |d 20141120 11:52:00  |a arojas 
260 |a Nápoles  |b Jovene Editore  |c 2013 
650 0 |a Derecho romano  |9 255930 
650 0 |a Política y gobierno  |9 255151 
651 0 |a Roma   |9 255106 
583 |a last modification  |c 20141120 11:52:00  |k Rodrigo Vera 
999 |c 357819  |d 357817 
952 |0 0  |1 0  |3 erb  |4 0  |6 340_540000000000000_SPA_2013  |7 0  |8 DER_ROM  |9 465912  |a BIBDER  |b BIBDER  |i 5125782  |o 340.54 SPA 2013  |p 5125782  |r 2023-01-25  |w 2019-11-23  |x Ubicación 4to piso  |y BK  |z Este recurso debe solicitarse con anticipación  |k DER